All Empires of Iran by Picture - Statistics

General Stats
  • This quiz has been taken 40 times
  • The average score is 14 of 26
Answer Stats
Picture Hint Answer % Correct
550 BC – 330 BC Achaemenid Empire
96%
1979 – present Islamic Republic of Iran
88%
750 – 861 Abbasid Caliphate
84%
330 BC – 323 BC Macedonian Empire
84%
1220 – 1256 Mongol Empire
84%
1370 AD – 1507 Timurid Empire
84%
678 BC – 550 BC Median Empire
72%
247 BC – 224 AD Parthian Empire
72%
661 – 750 Umayyad Caliphate
72%
651 – 661 Rashidun Caliphate
68%
224  AD – 651 AD Sassanian Empire
68%
323 BC – 247 BC Seleucid Empire
68%
3200 BC – 539 BC Elamite Civilization
60%
1925 – 1979 AD Pahlavi Dynasty
60%
1501 – 1736 Safavid Empire
60%
1256 – 1335 Ilkhanate State
56%
1789 – 1925 Qajar Empire
56%
1037 – 1194 Seljuk Empire
52%
1736 – 1796 Afsharid Empire
36%
977 – 1186 Ghaznavid Empire
28%
1077 – 1231 Khwarazmian Empire
28%
819 – 999 Buyid Dynasty
16%
819 – 999 Samanid Empire
16%
1751 – 1794 Zand Dynasty
12%
821 – 873 Tahirid Dynasty
8%
861 – 1003 Saffarid Empire
4%
No matching quizzes found
Score Distribution
Percent of People with Each Score
Percentile by Number Answered
Your Score History
You have not taken this quiz